Ottoman Empire Sultans - Statistics

General Stats
  • This quiz has been taken 3,937 times
    3,790 since last reset
  • The average score is 24 of 39
Answer Stats
Reign Sultan % Correct
1299-1326 Osman I
93%
1413-1421 Mehmed I
88%
1520-1566 Suleiman I
87%
1444-1446 Mehmed II
78%
1451-1481 Mehmed II
78%
1362-1389 Murad I
75%
1595-1603 Mehmed III
73%
1618-1622 Osman II
72%
1512-1520 Selim I
72%
1648-1687 Mehmed IV
69%
1909-1918 Mehmed V
69%
1687-1691 Suleiman II
68%
1421-1444 Murad II
67%
1446-1451 Murad II
67%
1326-1359 Orhan
67%
1389-1402 Bayezid I
66%
1566-1574 Selim II
65%
1574-1595 Murad III
63%
1774-1789 Abdülhamid I
62%
1918-1922 Mehmed VI
61%
1754-1757 Osman III
61%
1623-1640 Murad IV
60%
1603-1617 Ahmed I
59%
1481-1512 Bayezid II
59%
1789-1807 Selim III
58%
1617-1618 Mustafa I
57%
1622-1623 Mustafa I
57%
1876-1876 Murad V
56%
1876-1909 Abdülhamid II
55%
1691-1695 Ahmed II
51%
1695-1703 Mustafa II
51%
1703-1730 Ahmed III
48%
1757-1774 Mustafa III
47%
1640-1648 Ibrahim
46%
1730-1754 Mahmud I
46%
1861-1876 Abdülaziz I
44%
1839-1861 Abdülmecid I
43%
1808-1839 Mahmud II
43%
1807-1808 Mustafa IV
43%
No matching quizzes found
Score Distribution
Percent of People with Each Score
Percentile by Number Answered
Your Score History
You have not taken this quiz since the last reset